000 00553nam a22001932 4500
001 0000009062
005 20151217161403.0
008 080806s xx 000 0 eng d
020 _cDonation
040 _aKABU
_cKABU
245 1 0 _aNation business directoy.
260 _aNairobi :
_bNation Marketing & Publishing.
300 _aAnnual.
500 _aLibrary has: 2003, 2005, 2006, 2007.
650 0 _aBusiness
_vDirectories.
_@0000151384
908 _a080806
950 _@1
999 _c15319
_d15319